000 00433nam a2200157Ia 4500
008 180921t2005 xxu||||| |||| 00| 0 eng d
041 _aeng
080 _a502.7
_bBAN
100 _aBandara Ranjith
245 4 _aThe economics of human elephant conflict
260 _bMinistry of environment and natural resourees
_c2005
300 _a270p., ill., 21 cm
942 _cBK
999 _c14929
_d14929
003 LK-CoDNM
040 _aLK-CoDNM
_dLK-CoDNM
_eLK-CoDNM